Europäisches Musikfest Stuttgart 1991

Podrobná bibliografia
Hlavný autor: Polák, Pavol (Autor)
Médium: Článok
Jazyk:slovenčina
PhysicalDescription:Fot. 1.
Predmet:

MARC

LEADER 00000nab a2200000 a 4500
001 vtls000440250
003 SK-MaSNL
005 20260304080547.0
008 250424c1991 xo 0 slo
015 |a SNBRB19rr/mm-uuuuu 
035 |a CL0440380 
035 |a urn:nbn:sk:snk-ab25lt 
035 |a (urnnbn)urn:nbn:sk:snk:ar-a01oyn 
035 |a (uuid)13a3d31f-2e92-4005-9f96-69bb9b07b5fd 
040 |a SNKBUCL  |b slo  |c SNKBUCL  |e AACR2 
041 0 |a slo 
044 |a xo  |c SK 
080 |a 78.091.4:782/785  |2 1981 
080 |a 782/785  |2 1981 
100 1 |a Polák, Pavol  |4 aut  |9 384255 
245 1 0 |a Europäisches Musikfest Stuttgart 1991  |c Pavol Polák 
300 |b Fot. 1. 
650 0 7 |a Európske hudobné slávnosti 1991, Stuttgart  |2 snkbucl  |9 1368029 
655 7 |a články z novín a časopisov  |2 snkbucl  |9 267496 
773 0 |t Hudobný život 91  |g Roč. 23, č. 24 (1991), s. 5 
850 |a Slovenská národná knižnica 
852 |a Slovenská národná knižnica 
954 |a odborná, vedecká literatúra pôvodná (slovenská)  |2 lita 
958 |a article27 
958 |a OND 
958 |a RK 
958 |a EUIPO 
992 |a RBX 
999 |c 2787134  |d 2789064